Medical emergencies in the dental office / (Record no. 139832)
[ view plain ]
| 000 -LEADER | |
|---|---|
| fixed length control field | 00480nam a22001697a 4500 |
| 005 - DATE AND TIME OF LATEST TRANSACTION | |
| control field | 20260223094603.0 |
| 008 - FIXED-LENGTH DATA ELEMENTS--GENERAL INFORMATION | |
| fixed length control field | 260223b |||||||| |||| 00| 0 eng d |
| 020 ## - INTERNATIONAL STANDARD BOOK NUMBER | |
| International Standard Book Number | 9788131243053 (pbk) |
| 040 ## - CATALOGING SOURCE | |
| Transcribing agency | PK-LaUMT |
| 082 ## - DEWEY DECIMAL CLASSIFICATION NUMBER | |
| Classification number | 617.6 |
| Item number | MAL-M |
| 100 ## - MAIN ENTRY--PERSONAL NAME | |
| Personal name | Malamed, Stanley F. |
| 245 ## - TITLE STATEMENT | |
| Title | Medical emergencies in the dental office / |
| Statement of responsibility, etc | by Stanley F. Malamed and Daniel L. Orr |
| 250 ## - EDITION STATEMENT | |
| Edition statement | 7th ed. |
| 260 ## - PUBLICATION, DISTRIBUTION, ETC. (IMPRINT) | |
| Place of publication, distribution, etc | Haryana : |
| Name of publisher, distributor, etc | Elsevier, |
| Date of publication, distribution, etc | 2015 |
| 300 ## - PHYSICAL DESCRIPTION | |
| Extent | 550 p. |
| 942 ## - ADDED ENTRY ELEMENTS (KOHA) | |
| Koha item type | Books |
| Withdrawn status | Lost status | Damaged status | Home library | Current library | Date acquired | Full call number | Barcode | Date last seen | Price effective from | Koha item type | Copy number |
|---|---|---|---|---|---|---|---|---|---|---|---|
| UMT Health Sciences Campus | UMT Health Sciences Campus | 2026-02-23 | 617.6 MAL-M | 151982 | 2026-02-23 | 2026-02-23 | Books | ||||
| UMT Health Sciences Campus | UMT Health Sciences Campus | 2026-02-23 | 617.6 MAL-M | 151983 | 2026-02-23 | 2026-02-23 | Books | C.2 | |||
| UMT Health Sciences Campus | UMT Health Sciences Campus | 2026-02-23 | 617.6 MAL-M | 151984 | 2026-02-23 | 2026-02-23 | Books | C.3 | |||
| UMT Health Sciences Campus | UMT Health Sciences Campus | 2026-02-23 | 617.6 MAL-M | 151985 | 2026-02-23 | 2026-02-23 | Books | C.4 | |||
| UMT Health Sciences Campus | UMT Health Sciences Campus | 2026-02-23 | 617.6 MAL-M | 151986 | 2026-02-23 | 2026-02-23 | Books | C.5 |
